Población indígena, encomienda y tributo en Chiloé: 1567-1813: política estatal y criterios locales sobre el servicio personal de -veliches- y payos.
Đã lưu trong:
| Tác giả chính: | |
|---|---|
| Định dạng: | Sách |
| Ngôn ngữ: | Tiếng Tây Ban Nha |
| Được phát hành: |
Valparaíso, Chile.
Universitarias de Valparaíso,
2004
|
| Phiên bản: | Primera edición |
| Loạt: | Serie Monografías Históricas,
16 |
| Những chủ đề: | |
| Các nhãn: |
Thêm thẻ
Không có thẻ, Là người đầu tiên thẻ bản ghi này!
|
MARC
| LEADER | 00000cam a2200000 a 4500 | ||
|---|---|---|---|
| 001 | UCK3609 | ||
| 003 | CL-VaPUC | ||
| 005 | 20220412074338.0 | ||
| 008 | 050429e20040000CL |||||||||||||||||spa|d | ||
| 999 | |c 312729 |d 312727 | ||
| 020 | |a 9561703599 | ||
| 040 | |c Pontificia Universidad Católica de Valparaíso | ||
| 082 | 0 | 4 | |a 983.03 URB 2004 |2 21 |
| 100 | 0 | |a Urbina Burgos, Rodolfo |e autor |9 491745 | |
| 245 | 1 | 0 | |a Población indígena, encomienda y tributo en Chiloé: 1567-1813: política estatal y criterios locales sobre el servicio personal de -veliches- y payos. |
| 250 | |a Primera edición | ||
| 260 | 0 | 3 | |a Valparaíso, Chile. |b Universitarias de Valparaíso, |c 2004 |
| 300 | |a 335 páginas | ||
| 490 | 0 | |a Serie Monografías Históricas, |v 16 | |
| 583 | |a last modification |c 20160714 12:12:19 |k Rodrigo Vera | ||
| 650 | 0 | |a Historia de Chile |9 265473 | |
| 650 | 0 | |a Indígenas |9 317064 | |
| 650 | 0 | |a Archivo histórico PUCV |9 255554 | |
| 651 | 0 | |a Chiloé |z Chile |9 265209 | |
| 942 | |c BK |2 ddc | ||
| 945 | |d 20050429 00:00:00 |a jcarroza | ||
| 952 | |0 0 |1 0 |2 ddc |4 0 |6 983_030000000000000_URB_2004 |7 0 |8 A |9 383422 |a BIBHIS |b BIBHIS |d 2019-11-21 |i 4112814 |o 983.03 URB 2004 |p 4112814 |r 2025-01-20 |t 1 |w 2019-11-21 |y BK |k HIS | ||
| 952 | |0 0 |1 0 |2 ddc |4 0 |6 983_030000000000000_URB_2004 |7 0 |8 A |9 383423 |a BIBHIS |b BIBHIS |d 2019-11-21 |i 4170865 |o 983.03 URB 2004 |p 4170865 |r 2025-01-20 |t 2 |w 2019-11-21 |y BK |k HIS | ||
| 952 | |0 0 |1 0 |2 ddc |4 0 |6 983_030000000000000_URB_2004 |7 0 |8 A |9 383424 |a BIBHIS |b BIBHIS |d 2019-11-21 |i 4170873 |l 1 |o 983.03 URB 2004 |p 4170873 |r 2025-01-20 |s 2023-06-20 |t 3 |w 2019-11-21 |y BK |k HIS | ||
| 952 | |0 0 |1 0 |2 ddc |4 0 |6 983_030000000000000_URB_2004 |7 0 |8 A |9 383425 |a BIBHIS |b BIBHIS |d 2019-11-21 |i 4170881 |o 983.03 URB 2004 |p 4170881 |r 2025-01-20 |t 4 |w 2019-11-21 |y BK |k HIS | ||
| 952 | |0 0 |1 0 |2 ddc |4 0 |6 983_030000000000000_URB_2004 |7 0 |8 A |9 383426 |a BIBHIS |b BIBHIS |d 2019-11-21 |i 417089K |o 983.03 URB 2004 |p 417089K |r 2025-01-20 |t 5 |w 2019-11-21 |y BK |k HIS | ||
| 952 | |0 0 |1 0 |2 ddc |4 0 |6 983_030000000000000_URB_2004 |7 0 |8 A |9 383427 |a BIBTEO |b BIBTEO |d 2019-11-21 |i 4251830 |o 983.03 URB 2004 |p 4251830 |r 2025-01-17 |t 6 |w 2019-11-21 |y BK |k ICR | ||
| 952 | |0 0 |1 0 |2 ddc |4 0 |6 983_030000000000000_URB_2004 |7 0 |8 A |9 383428 |a BIBHIS |b BIBHIS |d 2019-11-21 |i 4439392 |o 983.03 URB 2004 |p 4439392 |r 2025-01-20 |t 7 |w 2019-11-21 |y BK |k HIS | ||
| 952 | |0 0 |1 0 |2 ddc |4 0 |6 983_030000000000000_URB_2004 |7 0 |8 X |9 383429 |a FDOBUD |b FDOBUD |d 2019-11-21 |i 4546962 |o 983.03 URB 2004 |p 4546962 |r 2019-11-21 |t 8 |w 2019-11-21 |y BK_X |k FHP | ||
| 952 | |0 0 |1 0 |2 ddc |4 0 |6 983_030000000000000_URB_2004 |7 0 |8 A |9 383430 |a BIBHIS |b BIBHIS |d 2019-11-21 |i 4747003 |o 983.03 URB 2004 |p 4747003 |r 2025-01-20 |t 9 |w 2019-11-21 |y BK |k HIS | ||
| 952 | |0 0 |1 0 |2 ddc |3 erb |4 0 |6 983_030000000000000_URB_2004 |7 0 |8 A |9 383431 |a BIBHIS |b BIBHIS |i 5144515 |l 3 |o 983.03 URB 2004 |p 5144515 |r 2025-01-20 |s 2022-10-24 |t 10 |w 2019-11-21 |y BK |z Catalogado en:20150402 |k HIS | ||
| 952 | |0 0 |1 0 |2 ddc |3 erb |4 0 |6 983_030000000000000_URB_2004 |7 0 |8 A |9 383432 |a BIBHIS |b BIBHIS |i 5285283 |o 983.03 URB 2004 |p 5285283 |r 2025-01-20 |t 11 |w 2019-11-21 |y BK |z Catalogado en:20160512 |k HIS | ||
| 952 | |0 0 |1 0 |2 ddc |3 erb |4 0 |6 983_030000000000000_URB_2004 |7 0 |8 A |9 383433 |a FDOHBE |b FDOHBE |e Huesbe Llanos, Marco Antonio, 1934- |i 5330270 |o 983.03 URB 2004 |p 5330270 |r 2024-01-30 |t 12 |w 2019-11-21 |y BK |z Catalogado en:20160717 |k HBE | ||
| 952 | |0 0 |1 0 |2 ddc |4 0 |6 983_030000000000000_URB_2004 |7 0 |8 A |9 579162 |a BIBHIS |b BIBEDU |d 2021-11-05 |e Donación |i 562519K |l 7 |m 3 |o 983.03 URB 2004 |p 562519K |q 2025-07-11 |r 2024-08-29 |s 2024-08-29 |t 13 |w 2021-11-05 |y BK |k HIS | ||